00153 a2200073 45000010005000001000020000052450031000252600023000562770 aCairnerose, A.S aModern essays In criticism abMacsillan & Coc